Superando el dilema de la participacin̤

Detalles Bibliográficos
Autor principal: Ospina, Juan Carlos
Otros Autores: Gonzl̀ez Escalln̤, Juliǹ Daniel, Beleǫ, Enith Bula
Formato: eBook
Lenguaje:español
Publicado: Bogot:̀ Comisin̤ Colombiana de Juristas, 2020
Materias:
Acceso en línea:Acceso restringido

MARC

LEADER 00000nam a22000007a 4500
005 20211004222634.0
007 cr|||| ||||
008 211004s2020 co |||||s|||| 00||0 spa d
020 |a 978-958-9348-94-9 
035 |a 35053 
040 |a vLex 
090 |c 12488  |d 12488 
100 1 |a Ospina, Juan Carlos 
245 1 0 |a Superando el dilema de la participacin̤  |h [Recurso electrn̤ico] /  |c Juan Carlos Ospina, Juliǹ Daniel Gonzl̀ez Escalln̤, Enith Bula Beleǫ 
256 |a Servicio en ln̕ea 
260 |a Bogot:̀  |b Comisin̤ Colombiana de Juristas,  |c 2020 
300 |a 1 recurso electrn̤ico 
500 |a El funcionamiento de la JEP desde un enfoque basado en los derechos de las vc̕timas. 
506 1 |a Disponible solo en los productos indicados  |d vLex Global  |d vLex Global (Academic Edition, excluding Law Schools)  |d vLex Global (U.S. Academic Edition, Law Schools)  |d vLex Global (U.S. Academic Edition, excluding Law Schools)  |d vLex Global (Academic Edition, Law Schools) 
650 0 4 |a Derecho Penal  |z Colombia 
650 0 4 |a Derecho Internacional  |z Colombia 
700 1 |a Gonzl̀ez Escalln̤, Juliǹ Daniel 
700 1 |a Beleǫ, Enith Bula 
740 0 |a vLex Libros (Servicio en ln̕ea) 
856 4 0 |u https://app.vlex.com/#/sources/35053  |z Acceso restringido 
942 |c BOOK 
999 0 |a Criminal Law 
999 0 |a International Law